Decir casi lo mismo /

Gardado en:
Detalles Bibliográficos
Autor Principal: Eco, Umberto (autor)
Formato: Libro
Idioma:Lingua castelá
Publicado: México : Lumen, 2008, c2008
Series:(Biblioteca Umberto Eco)
Temas:
Etiquetas: Engadir etiqueta
Sen Etiquetas, Sexa o primeiro en etiquetar este rexistro!

MARC

LEADER 00000nam^a2200000^a^4500
001 000358386
005 20250521000000.0
008 080911 20082008
009 20260310115326.702
020 |a 978-970-810-337-4 
037 |a Acervo ITESO - Biblioteca 
041 |a ESP 
082 |a 415.  |b ECO 
100 |a Eco, Umberto  |e (autor) 
245 1 0 |a Decir casi lo mismo /  |c U. Eco ; tr. por Helena Lozano Miralles. 
246 2 |a Título en la cubierta: Decir casi lo mismo: experiencias de traducción 
264 4 |a México :  |b Lumen,  |c 2008, c2008 
300 |a 537 p. 
336 |a texto  |b txt  |2 rdacontenido 
337 |a sin mediación  |b n  |2 rdamedio 
338 |a volumen  |b nc  |2 rdasoporte 
440 1 |a (Biblioteca Umberto Eco) 
500 |a Traducción de: Dire quai la stessa cosa 
649 |a XX 
650 |a Traducción e Interpretación -  |x Tema Principal 
650 |a Traducción e Interpretación -  |x Teoría 
650 |a Traducción e Interpretación -  |x Historia y Crítica 
650 |a Lenguas 
650 |a Lenguaje y Pensamiento 
650 |a Retórica 
650 |a Hermenéutica 
650 |a Pragmática 
650 |a Semiótica y Literatura 
650 |a Literatura -  |x Historia y Crítica 
650 |a Lingüística 
910 |a Fondo General 
920 |a Impresos - Libros 
930 |a Colección General 
905 |a 101 
901 |a 0500251380  |b IT1  |c ACC  |i C144072  |u 20250521 
902 |a https://opac.biblio.iteso.mx/vufind/Record/000358386